| 000 | 00359 a2200157 4500 | ||
|---|---|---|---|
| 001 | 74137 | ||
| 020 | _a878857555287-2 | ||
| 040 | _cAnchieta - Colégio São Paulo | ||
| 100 | _aMachado, Ana Maria | ||
| 240 | 1 | 0 |
_aSenhora do mares _lpor |
| 245 | 1 | 0 | _aSenhora do mares |
| 300 | _a23 | ||
| 362 | 0 | _a2012 | |
| 650 | 4 | _aLiteratura infanto-juvenil | |
| 942 | _cBK | ||
| 999 |
_c74137 _d74137 |
||